| Tag |
First Indicator |
Second Indicator |
Subfields |
| LEADER |
00000pam a2200000 a 4500 |
| 001 |
in00001812413 |
| 005 |
20151025205140.0 |
| 008 |
020719r20021919vaua b 000 0 eng |
| 010 |
|
|
|a 2002027371
|
| 020 |
|
|
|a 0971489459
|
| 035 |
|
|
|a (OCoLC)ocm50323233
|
| 040 |
|
|
|a DLC
|c DLC
|d YDX
|d UtOrBLW
|
| 043 |
|
|
|a e-ie---
|
| 049 |
|
|
|a TXAM
|
| 050 |
0 |
0 |
|a DA962
|b .C4 2002
|
| 082 |
0 |
0 |
|a 941.5082/1
|2 21
|
| 100 |
1 |
|
|a Chesterton, G. K.
|q (Gilbert Keith),
|d 1874-1936.
|
| 245 |
1 |
0 |
|a Irish impressions /
|c by G.K. Chesterton.
|
| 264 |
|
1 |
|a Norfolk, VA :
|b IHS Press,
|c 2002.
|
| 300 |
|
|
|a 149 pages :
|b illustrations ;
|c 22 cm.
|
| 336 |
|
|
|a text
|b txt
|2 rdacontent
|
| 337 |
|
|
|a unmediated
|b n
|2 rdamedia
|
| 338 |
|
|
|a volume
|b nc
|2 rdacarrier
|
| 500 |
|
|
|a Originally published: London : W. Collins, c1919.
|
| 504 |
|
|
|a Includes bibliographical references (pages [148]-149).
|
| 650 |
|
0 |
|a Irish question.
|
| 651 |
|
0 |
|a Ireland
|x Civilization.
|
| 948 |
|
|
|a cataloged
|b h
|c 2004/4/1
|d c
|e eneff
|f 11:35:30 am
|
| 994 |
|
|
|a E0
|b TXA
|
| 999 |
|
|
|a MARS
|
| 999 |
f |
f |
|s 25192c6a-73d4-3c87-9e76-3e88368fbb69
|i 1ae1a05d-3754-330c-8a73-e282bc835c98
|t 0
|
| 952 |
f |
f |
|p normal
|a Texas A&M University
|b College Station
|c Sterling C. Evans Library
|d Evans: Library Stacks
|t 0
|e DA962 .C4 2002
|h Library of Congress classification
|i unmediated -- volume
|m A14831115479
|
| 998 |
f |
f |
|a DA962 .C4 2002
|t 0
|l Evans: Library Stacks
|